[Event "HUN-chT2 Toth 1819"]
[Site "Hungary"]
[Date "2019.02.24"]
[Round "8.5"]
[White "Karsai, Istvan"]
[Black "Martonosi, Adam"]
[Result "1-0"]
[WhiteElo "2070"]
[BlackElo "1897"]
[PlyCount "113"]
[EventDate "2018.09.23"]
[EventType "team-tourn"]
[EventRounds "11"]
[EventCountry "HUN"]
[SourceTitle "EXT 2021"]
[Source "ChessBase"]
[SourceDate "2020.10.23"]
[SourceVersion "1"]
[SourceVersionDate "2020.10.23"]
[SourceQuality "1"]
[WhiteTeam "Felegyhaza Csongrad"]
[BlackTeam "Mako Duocor II"]
[WhiteTeamCountry "HUN"]
[BlackTeamCountry "HUN"]

1. e4 g6 2. d4 Bg7 3. Nc3 c6 4. Nf3 d6 5. h3 Nf6 6. Bd3 Nbd7 7. 0-0 0-0 8. Bg5 e5 9. dxe5 dxe5 10. Be3 Qe7 11. a3 Nh5 12. Ne2 Nc5 13. Rb1 Rd8 14. Bxc5 Qxc5 15. Qd2 b6 16. Qb4 Qxb4 17. axb4 h6 18. Rfd1 Be6 19. Kf1 c5 20. bxc5 bxc5 21. b3 Nf4 22. Bb5 Kf8 23. Nc3 f5 24. Bc6 Rac8 25. Rxd8+ Rxd8 26. Rd1 Rxd1+ 27. Nxd1 Ke7 28. Nc3 Kd6 29. Ba8 Bd7 30. Nd2 Ne6 31. Nd5 Bb5+ 32. c4 Bc6 33. Bxc6 Kxc6 34. exf5 gxf5 35. Ne7+ Kb6 36. Nxf5 Bf8 37. Ne3 Nf4 38. h4 Ka5 39. Nc2 Nd3 40. Ke2 Nb4 41. Kd1 Nxc2 42. Kxc2 Kb6 43. Ne4 Kc6 44. Kd3 Kb6 45. g4 Ka5 46. Kc3 Kb6 47. f3 Kc6 48. Kd3 Kd7 49. Nf6+ Ke6 50. Nd5 h5 51. Ke4 hxg4 52. fxg4 Bg7 53. g5 Kf7 54. h5 Ke6 55. Ne3 Kd7 56. Nf5 Bf8 57. g6 1-0

[Event "HUN-chT2 Toth 1819"]
[Site "Hungary"]
[Date "2019.02.10"]
[Round "7.5"]
[White "Martonosi, Adam"]
[Black "Donko, Matyas"]
[Result "1-0"]
[WhiteElo "1897"]
[BlackElo "1928"]
[PlyCount "97"]
[EventDate "2018.09.23"]
[EventType "team-tourn"]
[EventRounds "11"]
[EventCountry "HUN"]
[SourceTitle "EXT 2021"]
[Source "ChessBase"]
[SourceDate "2020.10.23"]
[SourceVersion "1"]
[SourceVersionDate "2020.10.23"]
[SourceQuality "1"]
[WhiteTeam "Mako Duocor II"]
[BlackTeam "Kecskemet Takisz"]
[WhiteTeamCountry "HUN"]
[BlackTeamCountry "HUN"]

1. c4 e6 2. g3 d5 3. Bg2 Nf6 4. Nf3 dxc4 5. Qa4+ Nbd7 6. Qxc4 a6 7. Qb3 c5 8. a4 Qc7 9. Na3 b6 10. 0-0 Bb7 11. d4 Bd5 12. Qc2 Rc8 13. Bf4 Qb7 14. Rac1 Be4 15. Qd2 Be7 16. Nc4 cxd4 17. Nd6+ Bxd6 18. Rxc8+ Qxc8 19. Bxd6 Qc6 20. Qxd4 Bd5 21. Ba3 a5 22. Rd1 Nc5 23. Rc1 0-0 24. Ne5 Qb7 25. Bxd5 Nxd5 26. Bxc5 bxc5 27. Rxc5 Qa6 28. Rb5 Rc8 29. Qd3 Qa8 30. Qf3 Rf8 31. Nc4 Qc6 32. b3 Ra8 33. Qe4 Qc7 34. Qd4 g6 35. Qd2 Nb4 36. Nxa5 Rxa5 37. Qxb4 Qc1+ 38. Kg2 Qc6+ 39. f3 Ra8 40. Rb8+ Rxb8 41. Qxb8+ Kg7 42. Qb5 Qc3 43. a5 e5 44. a6 e4 45. fxe4 Qe3 46. Qc4 h5 47. h4 Kh6 48. e5 Qxe5 49. Qf4+ 1-0

[Event "HUN-chT2 Toth 1718"]
[Site "Hungary"]
[Date "2017.10.29"]
[Round "3.7"]
[White "Martonosi, Adam"]
[Black "Vereczkei, Laszlo"]
[Result "1/2-1/2"]
[WhiteElo "1861"]
[BlackElo "2029"]
[PlyCount "64"]
[EventDate "2017.09.24"]
[EventType "team-tourn"]
[EventRounds "11"]
[EventCountry "HUN"]
[SourceTitle "EXT 2021"]
[Source "ChessBase"]
[SourceDate "2020.10.23"]
[SourceVersion "1"]
[SourceVersionDate "2020.10.23"]
[SourceQuality "1"]
[WhiteTeam "Mako Duocor II"]
[BlackTeam "Gyula"]
[WhiteTeamCountry "HUN"]
[BlackTeamCountry "HUN"]

1. c4 f5 2. Nf3 Nf6 3. g3 b6 4. Bg2 Bb7 5. Nc3 e6 6. 0-0 Be7 7. d4 Ne4 8. Qd3 Nxc3 9. Qxc3 0-0 10. b3 Bf6 11. Bb2 Be4 12. Qd2 d6 13. Rfd1 Qe7 14. Rac1 Nd7 15. Ba3 Rad8 16. Qe1 c5 17. e3 a5 18. Qe2 Nb8 19. Bf1 Ba8 20. Rd2 e5 21. Rcd1 Nc6 22. Bb2 e4 23. Ne1 g5 24. dxc5 dxc5 25. Rxd8 Rxd8 26. Rxd8+ Qxd8 27. Bxf6 Qxf6 28. Qd2 Ne5 29. Be2 Kg7 30. a3 Bc6 31. b4 axb4 32. axb4 Kg6 1/2-1/2

[Event "HUN-chT2 Toth 1617"]
[Site "Hungary"]
[Date "2017.04.09"]
[Round "11.8"]
[White "Martonosi, Adam"]
[Black "Tornyai, Jeno"]
[Result "0-1"]
[WhiteElo "1844"]
[BlackElo "1863"]
[PlyCount "120"]
[EventDate "2016.09.25"]
[EventType "team-tourn"]
[EventRounds "11"]
[EventCountry "HUN"]
[SourceTitle "EXT 2021"]
[Source "ChessBase"]
[SourceDate "2020.10.23"]
[SourceVersion "1"]
[SourceVersionDate "2020.10.23"]
[SourceQuality "1"]
[WhiteTeam "Mako Duocor II"]
[BlackTeam "Szeged Maroczy II"]
[WhiteTeamCountry "HUN"]
[BlackTeamCountry "HUN"]

1. c4 e6 2. g3 d5 3. Bg2 Nf6 4. Nf3 dxc4 5. Qa4+ Nbd7 6. 0-0 a6 7. Nc3 Rb8 8. Qxc4 b5 9. Qb3 Bb7 10. d4 c5 11. Bf4 Rc8 12. a3 cxd4 13. Na2 Nc5 14. Qd1 d3 15. Nc3 dxe2 16. Qxe2 Qd3 17. Rfd1 Qxe2 18. Nxe2 Nb3 19. Ra2 Be7 20. Nfd4 Bxg2 21. Kxg2 Nxd4 22. Nxd4 Nd5 23. Be5 0-0 24. Nf5 Bf6 25. Bxf6 gxf6 26. Rxd5 exd5 27. Ne7+ Kg7 28. Nxc8 Rxc8 29. b3 f5 30. a4 b4 31. Rd2 Rd8 32. a5 d4 33. Kf3 Kf6 34. Kf4 Rd5 35. h3 Ke6 36. g4 fxg4 37. hxg4 f5 38. Re2+ Kf6 39. g5+ Kf7 40. Rd2 Ke6 41. Kg3 Kd6 42. Kf3 Kc6 43. Ke2 Re5+ 44. Kd3 Rxa5 45. Kc4 Rc5+ 46. Kxb4 Kd5 47. Rd1 a5+ 48. Ka4 f4 49. Rh1 Ke4 50. Rxh7 Rxg5 51. Ka3 d3 52. Kb2 Rc5 53. Rd7 Rc2+ 54. Ka3 Rxf2 55. Ka4 Ra2+ 56. Kb5 d2 57. Kc4 Rc2+ 58. Kb5 Ke3 59. Kxa5 Rc3 60. Re7+ Kf2 0-1

[Event "HUN-chT2 Toth 1617"]
[Site "Hungary"]
[Date "2017.02.26"]
[Round "9.9"]
[White "Rab, Janos"]
[Black "Martonosi, Adam"]
[Result "1/2-1/2"]
[WhiteElo "1805"]
[BlackElo "1844"]
[PlyCount "83"]
[EventDate "2016.09.25"]
[EventType "team-tourn"]
[EventRounds "11"]
[EventCountry "HUN"]
[SourceTitle "EXT 2021"]
[Source "ChessBase"]
[SourceDate "2020.10.23"]
[SourceVersion "1"]
[SourceVersionDate "2020.10.23"]
[SourceQuality "1"]
[WhiteTeam "Karcag"]
[BlackTeam "Mako Duocor II"]
[WhiteTeamCountry "HUN"]
[BlackTeamCountry "HUN"]

1. d4 g6 2. Nf3 Bg7 3. g3 c5 4. c3 cxd4 5. cxd4 Nf6 6. Bg2 0-0 7. 0-0 d5 8. Nc3 Nc6 9. Ne5 Rb8 10. Bf4 Ra8 11. Nxc6 bxc6 12. Be5 Bf5 13. Qd2 Qc8 14. Rac1 Bh3 15. Bxf6 Bxf6 16. Nxd5 Bxg2 17. Nxf6+ exf6 18. Kxg2 Qe6 19. b3 Rfe8 20. e3 Rab8 21. Rc5 h5 22. Rfc1 h4 23. f3 hxg3 24. hxg3 Kg7 25. Rxc6 Qxe3 26. Qxe3 Rxe3 27. R1c2 Rh8 28. Kf2 Rd3 29. Kg2 Rd1 30. f4 f5 31. Kf3 Rxd4 32. Ke3 Rhd8 33. R6c3 Rd1 34. Rc7 Re8+ 35. Kf2 Rh1 36. Kf3 Rhe1 37. Rxa7 Rd8 38. Rcc7 Rd3+ 39. Kf2 Red1 40. Rxf7+ Kg8 41. Rg7+ Kf8 42. Rgf7+ 1/2-1/2

[Event "HUN-chT2 Toth 1516"]
[Site "Hungary"]
[Date "2016.03.20"]
[Round "9.10"]
[White "Martonosi, Adam"]
[Black "Strifler, Janos"]
[Result "1-0"]
[WhiteElo "1868"]
[BlackElo "1755"]
[PlyCount "78"]
[EventDate "2015.09.13"]
[EventType "team-tourn"]
[EventRounds "11"]
[EventCountry "HUN"]
[SourceTitle "EXT 2017"]
[Source "ChessBase"]
[SourceDate "2016.10.25"]
[SourceVersion "1"]
[SourceVersionDate "2016.10.25"]
[SourceQuality "1"]
[WhiteTeam "Mako SVSE II"]
[BlackTeam "Gyula"]
[WhiteTeamCountry "HUN"]
[BlackTeamCountry "HUN"]

1. c4 e5 2. g3 d6 3. Bg2 Nf6 4. Nc3 Be7 5. Nf3 Nc6 6. d3 Bd7 7. Rb1 a6 8. 0-0 0-0 9. b4 Rb8 10. a4 Na7 11. Be3 Nc8 12. b5 a5 13. Qc2 b6 14. Nd5 h6 15. Nxe7+ Qxe7 16. Bc1 Bf5 17. Bb2 Qd7 18. Rfe1 Re8 19. Nh4 Ne7 20. Nxf5 Qxf5 21. e4 Qd7 22. Rbd1 Rf8 23. d4 exd4 24. Bxd4 Ne8 25. e5 Nf5 26. Bb2 Ne7 27. exd6 cxd6 28. c5 bxc5 29. Qxc5 Rc8 30. Rxe7 Qxe7 31. Qxc8 Qe2 32. Qc1 Nf6 33. Re1 Qg4 34. Bxf6 gxf6 35. Qxh6 Qxa4 36. Be4 Rd8 37. Bh7+ Kh8 38. Bg6+ Kg8 39. Qh7+ Kf8 1-0

[Event "HUN-chT2 Toth 1516"]
[Site "Hungary"]
[Date "2016.02.28"]
[Round "8.9"]
[White "Martonosi, Adam"]
[Black "Bankos, Henrietta"]
[Result "1-0"]
[WhiteElo "1868"]
[BlackElo "1773"]
[PlyCount "87"]
[EventDate "2015.09.13"]
[EventType "team-tourn"]
[EventRounds "11"]
[EventCountry "HUN"]
[SourceTitle "EXT 2017"]
[Source "ChessBase"]
[SourceDate "2016.10.25"]
[SourceVersion "1"]
[SourceVersionDate "2016.10.25"]
[SourceQuality "1"]
[WhiteTeam "Mako SVSE II"]
[BlackTeam "Felegyhaza Csongrad"]
[WhiteTeamCountry "HUN"]
[BlackTeamCountry "HUN"]

1. c4 e6 2. g3 Nf6 3. Bg2 d5 4. Nf3 Be7 5. 0-0 0-0 6. b3 c5 7. Bb2 Nbd7 8. e3 b6 9. Qe2 Ba6 10. d3 Qc7 11. Nbd2 Rac8 12. Rfd1 Rfd8 13. Rac1 Qb8 14. Ng5 h6 15. Nh3 Bd6 16. Nf4 Be5 17. Nf3 Bxb2 18. Qxb2 Bb7 19. d4 Qa8 20. Nd2 Qb8 21. Nd3 Ba6 22. Qa3 dxc4 23. Qxa6 cxd3 24. Qxd3 cxd4 25. Qxd4 Nc5 26. Qb2 Ng4 27. Ne4 Nd3 28. Rxc8 Qxc8 29. Qd2 f5 30. h3 Nge5 31. Nc3 Nf7 32. Qc2 Nb4 33. Rxd8+ Qxd8 34. Qe2 Ne5 35. a3 Nbd3 36. f4 Nf7 37. Nb5 Qd7 38. Nd4 Nc5 39. b4 Na4 40. Bc6 Qc7 41. Bxa4 Qc1+ 42. Bd1 Qxa3 43. Qd2 Nd6 44. Nc2 1-0

[Event "HUN-chT2 Toth 1516"]
[Site "Hungary"]
[Date "2015.12.06"]
[Round "6.9"]
[White "Martonosi, Adam"]
[Black "Visnyei, Illes"]
[Result "1/2-1/2"]
[WhiteElo "1868"]
[BlackElo "1957"]
[PlyCount "141"]
[EventDate "2015.09.13"]
[EventType "team-tourn"]
[EventRounds "11"]
[EventCountry "HUN"]
[SourceTitle "CBM 170 Extra"]
[Source "ChessBase"]
[SourceDate "2016.02.25"]
[SourceVersion "1"]
[SourceVersionDate "2016.02.25"]
[SourceQuality "1"]
[WhiteTeam "Mako SVSE II"]
[BlackTeam "Bekes"]
[WhiteTeamCountry "HUN"]
[BlackTeamCountry "HUN"]

1. c4 e6 2. g3 d5 3. Bg2 c6 4. Nf3 Bd6 5. b3 f5 6. Bb2 Nf6 7. 0-0 0-0 8. d4 Nbd7 9. Nbd2 Qe8 10. Ne5 Ne4 11. e3 Nxe5 12. dxe5 Be7 13. Nf3 a5 14. Nd4 Ng5 15. Qc2 Bd7 16. c5 Ne4 17. Bxe4 fxe4 18. a3 Qh5 19. b4 a4 20. Qe2 Qh3 21. f3 exf3 22. Rxf3 Rxf3 23. Qxf3 Rf8 24. Qg2 Qh6 25. Re1 Bg5 26. Bc1 Qg6 27. Qc2 Qe8 28. Qxa4 Qb8 29. Qd1 Qxe5 30. Nf3 Qf6 31. Nxg5 Qxg5 32. e4 Qf6 33. Rf1 Qc3 34. Rxf8+ Kxf8 35. Qd2 Qxd2 36. Bxd2 dxe4 37. Kf2 Be8 38. Ke3 Bg6 39. Bc3 Bf5 40. Be5 g5 41. a4 Ke7 42. Kd4 Kd7 43. Bf6 g4 44. Bg5 e3 45. Bxe3 Bc2 46. a5 Bd1 47. Ke5 Be2 48. Bd4 Ke7 49. Be3 Kd7 50. Bf4 Ke7 51. Bg5+ Kd7 52. Kf6 Bd3 53. Bf4 Be2 54. Be5 Bd1 55. Kg5 Be2 56. Kh6 Bd3 57. Kg5 Be2 58. Kh4 Bd1 59. h3 gxh3 60. Kxh3 h5 61. Kg2 Be2 62. Kf2 Bc4 63. Ke3 Bf1 64. Kd2 Bb5 65. Ke3 Bf1 66. Kd4 Be2 67. Ke3 Bf1 68. Kf3 Bb5 69. Kf4 Be2 70. Kg5 Bf3 71. Kf4 1/2-1/2

[Event "HUN-chT Csongrad Region"]
[Site "Hungary"]
[Date "2015.11.22"]
[Round "5.4"]
[White "Valyi, Blanka Borbala"]
[Black "Martonosi, Adam"]
[Result "1-0"]
[WhiteElo "1895"]
[BlackElo "1769"]
[PlyCount "57"]
[EventDate "2015.09.20"]
[EventType "team-tourn"]
[EventRounds "9"]
[EventCountry "HUN"]
[SourceTitle "EXT 2017"]
[Source "ChessBase"]
[SourceDate "2016.10.25"]
[SourceVersion "1"]
[SourceVersionDate "2016.10.25"]
[SourceQuality "1"]

1. d4 g6 2. Nf3 Bg7 3. c4 c5 4. g3 cxd4 5. Nxd4 Nc6 6. Nxc6 bxc6 7. Bg2 Nf6 8. 0-0 0-0 9. Nd2 Rb8 10. Rb1 d5 11. cxd5 cxd5 12. Qa4 Bf5 13. e4 dxe4 14. Nxe4 Qd3 15. Nxf6+ Bxf6 16. Bh6 Rfd8 17. Rbd1 Qc2 18. Rxd8+ Rxd8 19. Qxc2 Bxc2 20. b3 Bd4 21. Rc1 Bf5 22. Rc7 Bb6 23. Rxe7 Rd1+ 24. Bf1 f6 25. Kg2 Bh3+ 26. Kxh3 Rxf1 27. Rg7+ Kh8 28. Rf7 Bc5 29. Rc7 1-0

[Event "HUN-chT Csongrad Region"]
[Site "Hungary"]
[Date "2015.11.15"]
[Round "4.3"]
[White "Tornyai, Jeno"]
[Black "Martonosi, Adam"]
[Result "0-1"]
[WhiteElo "1903"]
[BlackElo "1769"]
[PlyCount "120"]
[EventDate "2015.09.20"]
[EventType "team-tourn"]
[EventRounds "9"]
[EventCountry "HUN"]
[SourceTitle "EXT 2017"]
[Source "ChessBase"]
[SourceDate "2016.10.25"]
[SourceVersion "1"]
[SourceVersionDate "2016.10.25"]
[SourceQuality "1"]

1. d4 g6 2. Nc3 Bg7 3. e4 c5 4. d5 d6 5. Nf3 Nf6 6. h3 0-0 7. Be2 Na6 8. 0-0 Bd7 9. Bf4 b5 10. e5 dxe5 11. Bxe5 Qb6 12. a3 Rad8 13. b4 c4 14. Qd4 Qb7 15. Rad1 Be6 16. Ng5 Bxd5 17. Qh4 h6 18. Bxf6 hxg5 19. Bxg5 Bxg2 20. Rxd8 Rxd8 21. Rd1 Rxd1+ 22. Nxd1 Qe4 23. Qxe4 Bxe4 24. Ne3 Bb2 25. f3 Bc6 26. Bxe7 Bxa3 27. c3 Bc1 28. Kf2 Bd2 29. Nd1 Kg7 30. Bd6 Kf6 31. f4 Ke6 32. Be5 f6 33. Bd4 Bxf4 34. Bxa7 Nc7 35. Ne3 Nd5 36. Nxd5 Bxd5 37. Bd4 g5 38. Bg4+ f5 39. Bh5 Bc6 40. Bg6 g4 41. hxg4 fxg4 42. Bh5 Kf5 43. Bf7 Bh2 44. Kf1 Be5 45. Bg6+ Kf4 46. Bxe5+ Kxe5 47. Kf2 Kf4 48. Bh5 g3+ 49. Ke2 g2 50. Kf2 g1Q+ 51. Kxg1 Ke3 52. Kf1 Kd2 53. Bf7 Kxc3 54. Ke1 Kxb4 55. Kd2 Kb3 56. Kc1 Kc3 57. Bg6 Bf3 58. Be8 b4 59. Bg6 Be2 60. Bf5 b3 0-1

[Event "HUN-chT2 Toth 1415"]
[Site "Hungary"]
[Date "2015.04.26"]
[Round "11.10"]
[White "Martonosi, Adam"]
[Black "Szel, Aleks"]
[Result "1-0"]
[WhiteElo "1668"]
[BlackElo "1682"]
[PlyCount "93"]
[EventDate "2014.09.07"]
[EventType "team-tourn"]
[EventRounds "11"]
[EventCountry "HUN"]
[SourceTitle "EXT 2016"]
[Source "ChessBase"]
[SourceDate "2015.10.08"]
[SourceVersion "1"]
[SourceVersionDate "2015.10.08"]
[SourceQuality "1"]
[WhiteTeam "Mako II"]
[BlackTeam "Felegyhaza Csongrad"]
[WhiteTeamCountry "HUN"]
[BlackTeamCountry "HUN"]

1. c4 e5 2. g3 Nf6 3. Bg2 Be7 4. Nc3 0-0 5. Nf3 d6 6. d3 c5 7. 0-0 Nc6 8. Ne1 Bd7 9. Nc2 Rb8 10. Ne3 a6 11. Ned5 b5 12. Nxe7+ Qxe7 13. Bg5 Qe6 14. Nd5 Ne8 15. f4 h6 16. f5 Qxf5 17. Rxf5 Bxf5 18. Ne7+ Nxe7 19. Bxe7 Nc7 20. Bxf8 Rxf8 21. Qf1 Be6 22. cxb5 axb5 23. a4 bxa4 24. Rxa4 Rb8 25. Qc1 Kh7 26. b4 Bb3 27. Be4+ g6 28. Ra7 Nb5 29. Rxf7+ Bxf7 30. bxc5 Nd4 31. Qf1 Kg7 32. c6 Rc8 33. Qg2 Be8 34. Qh3 Rc7 35. e3 Nf5 36. g4 Ne7 37. g5 h5 38. Qe6 Kf8 39. Qxd6 Rc8 40. Qf6+ Bf7 41. d4 exd4 42. exd4 Re8 43. c7 Rc8 44. Qd6 Re8 45. Bc6 Rc8 46. Qd8+ Be8 47. Bxe8 1-0